000 00352nam a22001577a 4500
005 20241121114147.0
008 241121b |||||||| |||| 00| 0 eng d
020 _a94833024
040 _a04
082 _a364 SRI
100 _aDR, S.S. SRIVASTAVA
245 _aCRIMINOLOGY, PENOLOGY & VICTIMOLOGY
260 _aCLA
300 _a646
942 _c02
999 _c64596
_d64596